Sports Quiz

Random Sports or Football Quiz

'P' in football teams Quiz Stats

 Plays Quiz not verified by Sporcle

Challenge
Share
Tweet
Embed
Score 0/17 Timer 05:00
0 Plays Today
Hint Answer % Correct
16.Portsmouth
100%
1.Crystal Palace
87.3%
2.Liverpool
85.9%
3.Southampton
85.9%
4.Tottenham Hotspur
85.9%
15.Plymouth Argyle
83.1%
10Preston North End
78.9%
6.Ipswich
77.5%
7.Queens Park Rangers
70.4%
Hint Answer % Correct
8.Peterborough United
70.4%
14Northampton Town
70.4%
5.Blackpool
67.6%
9.Port Vale
66.2%
12.Hartlepool United
54.9%
11.Wolverhampton Wanderers
46.5%
13.Newport County
45.1%
17.Scunthorpe United
40.8%

You're not logged in!

Compare scores with friends on all Sporcle quizzes.
OR
Log In

You Might Also Like...

Show Comments

Extras

Top Quizzes Today


Score Distribution

Your Account Isn't Verified!

In order to create a playlist on Sporcle, you need to verify the email address you used during registration. Go to your Sporcle Settings to finish the process.

Report this User

Report this user for behavior that violates our Community Guidelines.

Details: